000 00811nam a2200217 a 4500
003 0
005 20250319095218.0
008 060801s19uu xx 00 eng d
050 _aPGS LB 1049.9.P75
_b.W146 2006
100 _aWakamatsu, Mikhaela R.
245 _aThe effects of a print-rich environment on the classroom performance of the students /
_cMikhaela R. Wakamatsu.
260 _aLas PiƱas City, Philippines :
_bSouthville International School and Colleges,
_c2006.
300 _a39 pages :
_billustrations ;
_c28 cm.
504 _aIncludes bibliographical references.
650 _aPrint-rich environments.
650 _aClassroom environment.
650 _aLiteracy
_vStudy and teaching.
650 _aReading
_vEnvironmental aspects.
650 _aAcademic achievement.
942 _2lcc
_cPASS
999 _c97564
_d97564